00348nam a2200145Ia 4500008004100000020001500041041001200056082001100068100001800079245004100097250000800138260003200146300000800178650001600186221030s9999 xx 000 0 und d a8157522143 aEnglish a105.23 aR. S. Salaria 0aData Structures & Algorithms Using C a2nd bKhanna PubaNew Delhic2004 a606 aBB Computer